[Event "POL-chT4 Kujawsko Pomorskie 1011"]
[Site "Poland"]
[Date "2011.03.27"]
[Round "9.9"]
[White "Kuchnio, Przemyslaw"]
[Black "Bialas, Jerzy"]
[Result "1/2-1/2"]
[WhiteElo "2048"]
[BlackElo "1817"]
[PlyCount "81"]
[EventDate "2010.11.07"]
[EventType "team-swiss"]
[EventRounds "10"]
[EventCountry "POL"]
[SourceTitle "EXT 2019"]
[Source "ChessBase"]
[SourceDate "2018.10.10"]
[SourceVersion "1"]
[SourceVersionDate "2018.10.10"]
[SourceQuality "1"]

1. e4 e6 2. d4 d5 3. Nc3 dxe4 4. Nxe4 Nd7 5. Nf3 Ngf6 6. Bd3 Be7 7. 0-0 Nxe4 8. Bxe4 Nf6 9. Bd3 c5 10. dxc5 Bxc5 11. Bg5 Be7 12. Qe2 0-0 13. Rad1 Qc7 14. Ne5 Rd8 15. c3 Bd7 16. Bxf6 Bxf6 17. Bxh7+ Kf8 18. Nxd7+ Rxd7 19. Rxd7 Qxd7 20. Bc2 Rd8 21. Rd1 Qc7 22. g3 Rxd1+ 23. Qxd1 Ke7 24. Bd3 Be5 25. Qe2 Bd6 26. a3 g6 27. Be4 Qb6 28. b4 Qc7 29. Qd3 a5 30. Qf3 axb4 31. cxb4 Qc1+ 32. Kg2 b6 33. h4 Be5 34. Qe3 Qxe3 35. fxe3 Bb2 36. a4 Bc3 37. b5 Be1 38. Bc6 f5 39. Kf3 Kf6 40. Bb7 e5 41. e4 1/2-1/2

[Event "POL-chT3 1112"]
[Site "Poland"]
[Date "2011.??.??"]
[Round "2.27"]
[White "Kuchnio, Przemyslaw"]
[Black "Hetmanski, Waldemar"]
[Result "1/2-1/2"]
[WhiteElo "2059"]
[BlackElo "1897"]
[PlyCount "129"]
[EventDate "2011.11.06"]
[EventType "team-tourn"]
[EventRounds "11"]
[EventCountry "POL"]
[SourceTitle "EXT 2015"]
[Source "ChessBase"]
[SourceDate "2014.11.20"]
[SourceVersion "1"]
[SourceVersionDate "2014.11.20"]
[SourceQuality "1"]
[WhiteTeam "Swiecie Gambit"]
[BlackTeam "Bydgoszcz SSz Pocztowiec"]
[WhiteTeamCountry "POL"]
[BlackTeamCountry "POL"]

1. e4 c5 2. Nf3 e6 3. d4 cxd4 4. Nxd4 Nc6 5. Nb5 d6 6. Bf4 e5 7. Be3 Nf6 8. Bc4 Be7 9. a4 0-0 10. N1c3 a6 11. Na3 Be6 12. f3 Rc8 13. Nd5 Bxd5 14. Bxd5 Nxd5 15. Qxd5 Qa5+ 16. Qxa5 Nxa5 17. b3 Rc6 18. Bd2 Bd8 19. Bb4 f5 20. exf5 Rxf5 21. Rd1 e4 22. 0-0 exf3 23. Rxf3 Rxf3 24. gxf3 Bb6+ 25. Kf1 Bc5 26. Bxc5 dxc5 27. Rd7 Rh6 28. Kg2 Rg6+ 29. Kf2 Rh6 30. Kg3 Rg6+ 31. Kf4 Rh6 32. Rd5 Rxh2 33. Rxc5 Nc6 34. c3 Kf7 35. Nc4 Ke6 36. b4 g6 37. b5 axb5 38. axb5 Ne7 39. Kg3 Rc2 40. Ne3 Re2 41. Ng2 Kd6 42. Rc4 Nf5+ 43. Kh3 Rf2 44. Ne1 Rf1 45. Re4 Rf2 46. c4 h5 47. Rf4 Rd2 48. Re4 Rd4 49. Kg2 Rxc4 50. Rxc4 Ne3+ 51. Kg3 Nxc4 52. Kf4 Ke6 53. Nd3 Kf6 54. Nc5 g5+ 55. Kg3 b6 56. Ne4+ Kf5 57. Nc3 h4+ 58. Kg2 Kf4 59. Kf2 g4 60. fxg4 Kxg4 61. Kg1 Kf3 62. Kh2 Kg4 63. Nd5 h3 64. Nf6+ Kh4 65. Nd5 1/2-1/2

[Event "POL-chT4 Kujawsko Pomorskie 1011"]
[Site "Poland"]
[Date "2010.12.12"]
[Round "3.3"]
[White "Harmata, Marek"]
[Black "Kuchnio, Przemyslaw"]
[Result "0-1"]
[WhiteElo "1801"]
[BlackElo "2048"]
[PlyCount "66"]
[EventDate "2010.11.07"]
[EventType "team-swiss"]
[EventRounds "10"]
[EventCountry "POL"]
[SourceTitle "EXT 2019"]
[Source "ChessBase"]
[SourceDate "2018.10.10"]
[SourceVersion "1"]
[SourceVersionDate "2018.10.10"]
[SourceQuality "1"]

1. d4 d5 2. Nf3 Bg4 3. e3 Nc6 4. c4 e5 5. dxe5 d4 6. a3 Nxe5 7. exd4 Bxf3 8. gxf3 Qxd4 9. Qe2 0-0-0 10. Be3 Qh4 11. Nd2 Nd3+ 12. Qxd3 Rxd3 13. Bxd3 Nf6 14. 0-0-0 Bd6 15. Kb1 Bf4 16. Ne4 Bxe3 17. fxe3 g6 18. Rd2 Rd8 19. Rhd1 Nxe4 20. Bxe4 Rxd2 21. Rxd2 Qe1+ 22. Kc2 Qxe3 23. Rd3 Qf4 24. Rd2 c6 25. b3 f5 26. Bd3 Qxf3 27. Re2 Kd7 28. Rd2 Ke7 29. Re2+ Kf6 30. c5 Qd5 31. h4 Qxc5+ 32. Kb2 Qd4+ 33. Kc2 Qxh4 0-1

[Event "Torun Region-ch op"]
[Site "Chelmza"]
[Date "2010.10.09"]
[Round "2.4"]
[White "Kuchnio, Przemyslaw"]
[Black "Starzynski, Waldemar"]
[Result "1/2-1/2"]
[WhiteElo "2049"]
[BlackElo "1840"]
[PlyCount "93"]
[EventDate "2010.10.08"]
[EventType "swiss"]
[EventRounds "5"]
[EventCountry "POL"]
[SourceTitle "EXT 2023"]
[Source "ChessBase"]
[SourceDate "2022.10.05"]
[SourceVersion "1"]
[SourceVersionDate "2022.10.05"]
[SourceQuality "1"]

1. e4 e6 2. d3 d5 3. Nd2 b6 4. Ngf3 Bb7 5. c3 Nd7 6. Be2 Bd6 7. 0-0 Ngf6 8. Qc2 0-0 9. Re1 c5 10. Bf1 Qc7 11. c4 Rac8 12. g3 Rfd8 13. b3 d4 14. Bg2 Ng4 15. Nf1 Re8 16. h3 Ngf6 17. Bg5 e5 18. Qe2 Be7 19. N1h2 Rb8 20. Bxf6 Nxf6 21. Ng4 Nxg4 22. hxg4 Bc8 23. Nd2 Qd7 24. Bf3 Bg5 25. Kg2 Re6 26. Rh1 Rg6 27. Rh5 Qe7 28. Nf1 Rb7 29. Qd1 Rc7 30. Be2 Rcc6 31. Nh2 Rcf6 32. Qh1 h6 33. Rf1 Bd7 34. Rb1 a5 35. a4 Qd6 36. Qd1 Qc7 37. f3 Be8 38. Nf1 Rc6 39. Rh2 Rge6 40. Rb2 Bd7 41. Qe1 Rcd6 42. Bd1 g6 43. Rf2 Rf6 44. Kh1 Kg7 45. Kg2 Rde6 46. Kg1 Re8 47. Qe2 1/2-1/2

[Event "Kowalewo Pomorskie op-A 17th"]
[Site "Kowalewo Pomorskie"]
[Date "2010.07.07"]
[Round "5"]
[White "Kuchnio, Przemyslaw"]
[Black "Garbowska, Hanna"]
[Result "0-1"]
[WhiteElo "2089"]
[BlackElo "2026"]
[PlyCount "84"]
[EventDate "2010.07.04"]
[EventType "swiss"]
[EventRounds "8"]
[EventCountry "POL"]
[SourceTitle "CBM 137 Extra"]
[Source "ChessBase"]
[SourceDate "2010.09.01"]
[SourceVersion "1"]
[SourceVersionDate "2010.09.01"]
[SourceQuality "1"]

1. e4 c5 2. Ne2 d6 3. g3 g6 4. Bg2 Bg7 5. 0-0 Nc6 6. c3 e6 7. d3 Nge7 8. Nd2 0-0 9. f4 Rb8 10. Nf3 b5 11. Be3 b4 12. Rf2 Qa5 13. Qc2 bxc3 14. bxc3 Ba6 15. Re1 Rfc8 16. g4 Qb5 17. Nc1 Nd4 18. Bxd4 cxd4 19. c4 Qb4 20. Qe2 Nc6 21. h4 Qc3 22. h5 Rb1 23. Nb3 Rxe1+ 24. Nxe1 Nb4 25. hxg6 hxg6 26. Qd2 Nxa2 27. Qxa2 Qxe1+ 28. Bf1 Rb8 29. Nd2 Rb6 30. f5 gxf5 31. exf5 exf5 32. Rxf5 Qg3+ 33. Bg2 Bb7 34. Nf1 Qxg2+ 35. Qxg2 Bxg2 36. Kxg2 Rb3 37. Ra5 Rxd3 38. Rxa7 Rc3 39. Ra4 d3 40. Kf3 Bh6 41. Ra6 Rc1 42. Rxd6 Rxf1+ 0-1

[Event "Kowalewo Pomorskie op-A 17th"]
[Site "Kowalewo Pomorskie"]
[Date "2010.07.05"]
[Round "2"]
[White "Kuchnio, Przemyslaw"]
[Black "Zurkowski, Andrzej"]
[Result "0-1"]
[WhiteElo "2089"]
[BlackElo "2175"]
[PlyCount "42"]
[EventDate "2010.07.04"]
[EventType "swiss"]
[EventRounds "8"]
[EventCountry "POL"]
[SourceTitle "CBM 137 Extra"]
[Source "ChessBase"]
[SourceDate "2010.09.01"]
[SourceVersion "1"]
[SourceVersionDate "2010.09.01"]
[SourceQuality "1"]

1. e4 d5 2. exd5 Qxd5 3. Nc3 Qd6 4. d4 Nf6 5. Be2 e6 6. Nf3 c6 7. 0-0 Nbd7 8. Bd3 Qc7 9. Re1 Bd6 10. Bg5 b6 11. Ne4 Nxe4 12. Bxe4 0-0 13. c4 Bb7 14. Bc2 Rae8 15. Qd3 f5 16. Bd2 c5 17. Ng5 Rf6 18. d5 Bxh2+ 19. Kf1 Ne5 20. Qc3 exd5 21. cxd5 Ba6+ 0-1

[Event "Nakel district-ch"]
[Site "Szubin"]
[Date "2009.10.04"]
[Round "5"]
[White "Konieczynski, Piotr"]
[Black "Kuchnio, Przemyslaw"]
[Result "0-1"]
[WhiteElo "1949"]
[BlackElo "2100"]
[PlyCount "142"]
[EventDate "2009.10.02"]
[EventType "swiss"]
[EventRounds "9"]
[EventCountry "POL"]
[SourceTitle "EXT 2018"]
[Source "ChessBase"]
[SourceDate "2017.10.13"]
[SourceVersion "1"]
[SourceVersionDate "2017.10.13"]
[SourceQuality "1"]

1. d4 d5 2. Nf3 Bg4 3. Ne5 Bf5 4. c4 f6 5. Nf3 e6 6. e3 c6 7. Nc3 Bd6 8. Nh4 Bg6 9. Nxg6 hxg6 10. Qg4 Kf7 11. g3 f5 12. Qf3 Nf6 13. Bd3 Nbd7 14. Qe2 g5 15. f4 g4 16. Bd2 Bb4 17. Nb1 Qa5 18. Bxb4 Qxb4+ 19. Qd2 Qd6 20. Nc3 dxc4 21. Bxc4 Rad8 22. 0-0 Nc5 23. Qc2 Nce4 24. Nxe4 Nxe4 25. Bd3 Nf6 26. Rac1 a6 27. Qb3 Kg6 28. Qxb7 Rb8 29. Qxc6 Qxc6 30. Rxc6 Rxb2 31. Rc2 Rxc2 32. Bxc2 Rc8 33. Bb3 Kf7 34. Rf2 Rc3 35. Re2 Ke7 36. Bc2 Ra3 37. Bb3 a5 38. Rb2 a4 39. Bc2 Rxe3 40. Bxa4 Ne4 41. Bc6 Re1+ 42. Kg2 Nc3 43. Rc2 Re2+ 44. Rxe2 Nxe2 45. Kf2 Nxd4 46. Bg2 Kf6 47. Ke3 e5 48. fxe5+ Kxe5 49. a4 Nb3 50. Bf1 g5 51. Bc4 f4+ 52. Kf2 Nd2 53. Bd3 Ne4+ 54. Kg2 f3+ 55. Kf1 Kd4 56. Bb5 Nc3 57. Bd7 Ke3 58. Bxg4 Nxa4 59. h4 gxh4 60. gxh4 f2 61. h5 Nc3 62. Bf5 Ne2 63. Bd3 Ng3+ 64. Kg2 Nxh5 65. Ba6 Nf6 66. Kf1 Kf3 67. Bb7+ Kg3 68. Bf3 Ne8 69. Ba8 Nd6 70. Ke2 Nf5 71. Be4 Ne3 0-1

[Event "Nakel district-ch"]
[Site "Szubin"]
[Date "2009.10.03"]
[Round "3"]
[White "Bultrowicz, Leszek"]
[Black "Kuchnio, Przemyslaw"]
[Result "0-1"]
[WhiteElo "1713"]
[BlackElo "2100"]
[PlyCount "88"]
[EventDate "2009.10.02"]
[EventType "swiss"]
[EventRounds "9"]
[EventCountry "POL"]
[SourceTitle "EXT 2018"]
[Source "ChessBase"]
[SourceDate "2017.10.13"]
[SourceVersion "1"]
[SourceVersionDate "2017.10.13"]
[SourceQuality "1"]

1. d4 d5 2. c4 e5 3. Nf3 e4 4. Ng1 Nc6 5. cxd5 Qxd5 6. e3 Nf6 7. Nc3 Bb4 8. Bd2 Bxc3 9. bxc3 0-0 10. c4 Qf5 11. Be2 Qg6 12. g3 Re8 13. Rb1 b6 14. Rb5 a6 15. Rb2 Bd7 16. h4 Rad8 17. Bc3 Bg4 18. Bxg4 Nxg4 19. Nh3 Nce5 20. Nf4 Qc6 21. d5 Qxc4 22. Bxe5 Nxe5 23. Qc2 Nd3+ 24. Nxd3 Qxd3 25. Qxd3 exd3 26. Kd2 Rxd5 27. Rc1 Rd7 28. Rc3 Re6 29. a4 Kf8 30. Rxd3 Ke7 31. Rd4 Red6 32. Rxd6 Rxd6+ 33. Ke2 c6 34. f4 b5 35. axb5 axb5 36. Rb4 Rg6 37. Kf3 Kd6 38. Rd4+ Kc7 39. f5 Rd6 40. Re4 c5 41. g4 c4 42. g5 c3 43. Re5 c2 44. Rxb5 c1Q 0-1

[Event "Kowalewo Pomorskie op-A 16th"]
[Site "Kowalewo Pomorskie"]
[Date "2009.07.07"]
[Round "5"]
[White "Kuchnio, Przemyslaw"]
[Black "Kubicki, Marek"]
[Result "1/2-1/2"]
[WhiteElo "2093"]
[BlackElo "2152"]
[PlyCount "59"]
[EventDate "2009.07.04"]
[EventType "swiss"]
[EventRounds "9"]
[EventCountry "POL"]
[SourceTitle "CBM 131 Extra"]
[Source "ChessBase"]
[SourceDate "2009.09.03"]
[SourceVersion "2"]
[SourceVersionDate "2009.09.16"]
[SourceQuality "1"]

1. c4 c6 2. Nc3 d5 3. e3 Nf6 4. Nf3 e6 5. b3 Bd6 6. d4 Nbd7 7. Bd3 0-0 8. 0-0 dxc4 9. Bxc4 e5 10. dxe5 Nxe5 11. Be2 Qc7 12. h3 Qe7 13. Nd4 Rd8 14. Qc2 Nd5 15. Nxd5 cxd5 16. Rd1 Bd7 17. Bf1 Rac8 18. Qe2 Qh4 19. g3 Qe7 20. Bg2 Nc6 21. Bb2 Bb8 22. Rac1 Be6 23. Ba1 Qd7 24. Qh5 Ne7 25. Nf3 Rxc1 26. Rxc1 Bf5 27. Qg5 Bg6 28. Be5 Bxe5 29. Qxe5 f6 30. Qc7 1/2-1/2

[Event "Kowalewo Pomorskie op"]
[Site "Kowalewo Pomorskie"]
[Date "2008.07.09"]
[Round "7"]
[White "Kuchnio, Przemyslaw"]
[Black "Jaroch, Karol"]
[Result "0-1"]
[WhiteElo "2091"]
[BlackElo "2158"]
[PlyCount "146"]
[EventDate "2008.07.04"]
[EventType "swiss"]
[EventRounds "9"]
[EventCountry "POL"]
[SourceTitle "CBM 125 Extra"]
[Source "ChessBase"]
[SourceDate "2008.09.01"]
[SourceVersion "1"]
[SourceVersionDate "2008.09.01"]
[SourceQuality "1"]

1. c4 f5 2. Nc3 Nf6 3. g3 e6 4. Bg2 d5 5. d4 c6 6. cxd5 exd5 7. Bg5 Bd6 8. e3 0-0 9. Nge2 Re8 10. 0-0 Bf8 11. Rc1 Nbd7 12. Qc2 h6 13. Bxf6 Nxf6 14. Nf4 Ne4 15. a3 g5 16. Nd3 Bd6 17. Rfe1 Re7 18. f3 Nxc3 19. Qxc3 Qe8 20. Kf2 h5 21. f4 h4 22. gxh4 g4 23. Kg1 Qh5 24. Qd2 Qxh4 25. Qf2 Qh6 26. Re2 Rh7 27. Qg3 Be7 28. Bf1 Kh8 29. Ne5 Be6 30. Rcc2 Rg8 31. Red2 Bh4 32. Qg2 Bf7 33. b3 Bh5 34. Rc1 a6 35. Rdc2 Be7 36. a4 Be8 37. Bd3 Qe6 38. Bf1 Rh3 39. Qe2 Bh5 40. Qd3 Rh4 41. Rg2 Rg7 42. Qc2 Be8 43. Bd3 Rh5 44. Re1 Bh4 45. Ree2 g3 46. Kh1 Rgh7 47. Rd2 gxh2 48. Be2 R5h6 49. Bd3 Rf6 50. Qc5 Bh5 51. Be2 Be8 52. Bd3 a5 53. Rb2 Qc8 54. Qxa5 Rfh6 55. Qc5 Be7 56. Qc2 Rh5 57. Qb1 Qe6 58. Rbd2 Qf6 59. Rdf2 R7h6 60. Qc1 Bb4 61. Qc2 Ba5 62. Qe2 Qe7 63. Rg3 Qf6 64. Rfg2 Bf7 65. Qc2 Bb4 66. Nxf7+ Qxf7 67. Rg8+ Qxg8 68. Rxg8+ Kxg8 69. Bxf5 Rf6 70. Bg4 Rh4 71. Bf3 Kg7 72. Qd3 Rg6 73. Bg2 Rxg2 0-1

[Event "Kowalewo Pomorskie op"]
[Site "Kowalewo Pomorskie"]
[Date "2008.07.08"]
[Round "6"]
[White "Flazinski, Jozef"]
[Black "Kuchnio, Przemyslaw"]
[Result "0-1"]
[WhiteElo "2036"]
[BlackElo "2091"]
[PlyCount "102"]
[EventDate "2008.07.04"]
[EventType "swiss"]
[EventRounds "9"]
[EventCountry "POL"]
[SourceTitle "CBM 125 Extra"]
[Source "ChessBase"]
[SourceDate "2008.09.01"]
[SourceVersion "1"]
[SourceVersionDate "2008.09.01"]
[SourceQuality "1"]

1. e4 Nf6 2. e5 Nd5 3. d4 d6 4. Nf3 dxe5 5. Nxe5 c6 6. Bc4 Nd7 7. Nc3 e6 8. Ne4 Nxe5 9. dxe5 Qc7 10. Qh5 b5 11. Bd3 Nb4 12. 0-0 Nxd3 13. cxd3 Bb7 14. Bf4 c5 15. Rfe1 Bxe4 16. Rxe4 Rd8 17. Qe2 Be7 18. Rc1 Qb7 19. Be3 Rd5 20. d4 c4 21. Rg4 g5 22. Qf3 h5 23. Rxg5 Bxg5 24. Bxg5 Rd7 25. Qf4 Qd5 26. Rd1 Rg8 27. h4 a5 28. Qf6 Qe4 29. a4 b4 30. Rc1 Qxd4 31. Qf3 Rxg5 32. hxg5 Qxe5 33. Rxc4 Qxg5 34. b3 Qe5 35. Rc1 Rd5 36. g3 Qf5 37. Qe3 Qg5 38. Qxg5 Rxg5 39. Kf1 Rd5 40. Ke2 Kd7 41. Rc4 Kd6 42. Ke3 Rc5 43. Rxc5 Kxc5 44. Ke4 f6 45. f3 Kd6 46. f4 e5 47. Kf5 Kd5 48. Kxf6 exf4 49. gxf4 h4 50. Kg5 h3 51. f5 h2 0-1

[Event "Kowalewo Pomorskie op"]
[Site "Kowalewo Pomorskie"]
[Date "2008.07.04"]
[Round "1"]
[White "Kuchnio, Przemyslaw"]
[Black "Krzywkowski, Marcin"]
[Result "1-0"]
[WhiteElo "2091"]
[BlackElo "1909"]
[PlyCount "101"]
[EventDate "2008.07.04"]
[EventType "swiss"]
[EventRounds "9"]
[EventCountry "POL"]
[SourceTitle "CBM 125 Extra"]
[Source "ChessBase"]
[SourceDate "2008.09.01"]
[SourceVersion "1"]
[SourceVersionDate "2008.09.01"]
[SourceQuality "1"]

1. c4 Nf6 2. Nc3 g6 3. g3 Bg7 4. Bg2 0-0 5. e3 d6 6. Nge2 c5 7. 0-0 a6 8. d4 Qc7 9. b3 Nc6 10. Bb2 e6 11. Qd2 Rb8 12. Rac1 Rd8 13. Rfd1 Bd7 14. d5 Ne7 15. dxe6 Bxe6 16. Nf4 b5 17. Ne4 Nxe4 18. Bxe4 Bxb2 19. Qxb2 bxc4 20. Nxe6 fxe6 21. Qf6 Qd7 22. Rxc4 Rf8 23. Qb2 d5 24. Rc2 Qb5 25. Bd3 c4 26. Bf1 Qb6 27. Qa3 cxb3 28. Rb2 Qc7 29. Qxa6 bxa2 30. Qxe6+ Rf7 31. Rxa2 Rb6 32. Qg4 Rbf6 33. Qd4 h5 34. Bg2 Nf5 35. Qxd5 Rd6 36. Qb3 Rxd1+ 37. Qxd1 Rd7 38. Ra8+ Kh7 39. Qa1 Ng7 40. Be4 Rd6 41. Qa4 Qe7 42. h4 Qf6 43. Qc2 Re6 44. Ra5 Qe7 45. Bd3 Rf6 46. Rg5 Qe8 47. Qb2 Rd6 48. Qc3 Qd7 49. Be4 Qh3 50. Qc2 Qd7 51. Bxg6+ 1-0

[Event "Kowalewo Pomorskie op-A"]
[Site "Kowalewo Pomorskie"]
[Date "2007.07.07"]
[Round "5"]
[White "Kuchnio, Przemyslaw"]
[Black "Krajewicz, Pawel"]
[Result "1-0"]
[WhiteElo "2123"]
[BlackElo "1989"]
[PlyCount "107"]
[EventDate "2007.07.04"]
[EventType "swiss"]
[EventRounds "9"]
[EventCountry "POL"]
[SourceTitle "CBM 119 Extra"]
[Source "ChessBase"]
[SourceDate "2007.09.04"]
[SourceVersion "1"]
[SourceVersionDate "2007.09.04"]
[SourceQuality "1"]

1. c4 e5 2. Nc3 Nc6 3. Nf3 f5 4. d4 e4 5. d5 exf3 6. dxc6 bxc6 7. exf3 Nf6 8. Bd3 d6 9. 0-0 Be7 10. Qc2 Qd7 11. Re1 0-0 12. Bxf5 Qxf5 13. Qxf5 Bxf5 14. Rxe7 Rfe8 15. Rxe8+ Rxe8 16. Be3 a6 17. Rd1 Be6 18. b3 d5 19. c5 Kf7 20. g4 Nd7 21. Kg2 Nb8 22. Rd4 Nd7 23. Ra4 Nb8 24. Ne2 Bc8 25. Nf4 Nd7 26. Nd3 Ne5 27. Nb4 Rd8 28. Bd4 Ng6 29. Kg3 Re8 30. Nd3 Nf8 31. Be5 Ne6 32. Bc3 Kg8 33. f4 Nd8 34. Be5 Re7 35. b4 Nf7 36. Ra3 Nh6 37. h3 Nf7 38. Kf3 Kf8 39. Rc3 Kg8 40. Rc1 Nd8 41. Re1 Ne6 42. h4 g6 43. f5 Rf7 44. f6 g5 45. Kg3 h6 46. f4 Kh7 47. hxg5 hxg5 48. Rh1+ Kg8 49. f5 Nf8 50. Bd4 Nd7 51. Rh6 a5 52. Ne1 axb4 53. Nf3 Ba6 54. Nxg5 1-0

[Event "POL-chT Region 0607"]
[Site "Poland"]
[Date "2007.01.28"]
[Round "6"]
[White "Budnik, Kazimierz"]
[Black "Kuchnio, Przemyslaw"]
[Result "0-1"]
[WhiteElo "1800"]
[BlackElo "2000"]
[PlyCount "60"]
[EventDate "2006.11.12"]
[EventType "team"]
[EventRounds "11"]
[EventCountry "POL"]
[SourceTitle "EXT 2008"]
[Source "ChessBase"]
[SourceDate "2007.11.25"]
[SourceVersion "1"]
[SourceVersionDate "2007.11.25"]
[SourceQuality "1"]

1. e4 Nf6 2. e5 Nd5 3. c4 Nb6 4. Nc3 d6 5. d4 dxe5 6. dxe5 Qxd1+ 7. Nxd1 Nc6 8. Bf4 Bf5 9. Ne3 e6 10. Nxf5 Bb4+ 11. Kd1 exf5 12. Nf3 Bc5 13. a3 Bxf2 14. Ke2 Bd4 15. Nxd4 Nxd4+ 16. Kf2 Ne6 17. Bd2 0-0-0 18. Bc3 Na4 19. Rc1 Nxc3 20. Rxc3 Rd2+ 21. Kg3 Rxb2 22. Bd3 g6 23. h3 Rd8 24. Rhc1 Rd2 25. Bf1 Nc5 26. Kh4 R2d4+ 27. g4 h5 28. Be2 hxg4 29. hxg4 Ne4 30. R3c2 Rh8# 0-1

[Event "POL-chT Region 0607"]
[Site "Poland"]
[Date "2006.11.12"]
[Round "1"]
[White "Matusiak, Andrzej"]
[Black "Kuchnio, Przemyslaw"]
[Result "1/2-1/2"]
[WhiteElo "1800"]
[BlackElo "2000"]
[PlyCount "117"]
[EventDate "2006.11.12"]
[EventType "team"]
[EventRounds "11"]
[EventCountry "POL"]
[SourceTitle "EXT 2008"]
[Source "ChessBase"]
[SourceDate "2007.11.25"]
[SourceVersion "1"]
[SourceVersionDate "2007.11.25"]
[SourceQuality "1"]

1. e4 Nf6 2. Nc3 d5 3. e5 Nfd7 4. d4 c5 5. f4 e6 6. Nf3 cxd4 7. Nxd4 Nc6 8. Be3 Bc5 9. a3 Bxd4 10. Bxd4 Nxd4 11. Qxd4 a6 12. g3 Qb6 13. Qxb6 Nxb6 14. Bd3 Bd7 15. b3 Bc6 16. 0-0 Nd7 17. b4 0-0 18. Ne2 Rac8 19. Nd4 g6 20. Rfe1 Nb6 21. Re2 Bd7 22. Kf2 Na4 23. Ree1 Rc3 24. Ne2 Rc7 25. Nd4 Rfc8 26. Re2 Rc3 27. Rd2 Nb2 28. Ne2 R3c7 29. Nd4 Ba4 30. Ra2 Nxd3+ 31. cxd3 Rc1 32. Ke3 Kf8 33. Rdb2 Re1+ 34. Re2 Rcc1 35. Kf2 Red1 36. Ke3 Rh1 37. Rab2 Rc3 38. Ra2 Rb1 39. Red2 Ke7 40. Ne2 Rc7 41. Nd4 Kd7 42. Rab2 Rxb2 43. Rxb2 Rc3 44. Ra2 Rc1 45. Kd2 Rb1 46. Ke3 Kc7 47. Kd2 Kb6 48. Ke3 Re1+ 49. Kf2 Rh1 50. Ke3 Rf1 51. Ke2 Rb1 52. Ke3 a5 53. bxa5+ Kxa5 54. Kd2 Kb6 55. Ke3 Kc5 56. Nf3 Bb3 57. Rd2 b5 58. d4+ Kc4 59. Rd3 1/2-1/2

[Event "POL-chT 2nd League"]
[Site "Polanica Zdroj"]
[Date "2004.09.09"]
[Round "8"]
[White "Kuchnio, Przemyslaw"]
[Black "Badurowicz, Leszek"]
[Result "1/2-1/2"]
[WhiteElo "2000"]
[BlackElo "2100"]
[PlyCount "41"]
[EventDate "2004.09.04"]
[EventType "team-swiss"]
[EventRounds "11"]
[EventCountry "POL"]
[SourceTitle "CBM 102 Extra"]
[Source "ChessBase"]
[SourceDate "2004.11.03"]
[SourceVersion "1"]
[SourceVersionDate "2004.11.03"]
[SourceQuality "1"]
[WhiteTeam "Swiecie Gambit"]
[BlackTeam "Gdynia Korsarz"]
[WhiteTeamCountry "POL"]
[BlackTeamCountry "POL"]

1. c4 Nf6 2. Nc3 c5 3. Nf3 d5 4. cxd5 Nxd5 5. e3 e6 6. d4 Be7 7. Bb5+ Bd7 8. Bxd7+ Nxd7 9. Nxd5 exd5 10. Qb3 cxd4 11. Nxd4 Nc5 12. Qb5+ Qd7 13. Bd2 a6 14. Qxd7+ Kxd7 15. Ke2 Bf6 16. Rac1 Bxd4 17. exd4 Ne6 18. Kd3 Rac8 19. Rxc8 Rxc8 20. Rc1 Rxc1 21. Bxc1 1/2-1/2